000 01307nam a2200409Ia 4500
999 _c53650
_d53650
001 20697
003 GE_BSU
005 20210305225300.0
008 181216s2013||||xx |||||||||||||| ||eng||
020 _a9780071768016
040 _cGE_BSU
041 _aeng
080 _a616-053.2 N-41
245 _aNEONATOLOGY :
_bMANAGEMENT, PROCEDURE, ON-CALL PROBLEMS, DISEASES AND DRUGS /
_cEditor Comella Tricia L.
250 _aSeventh edition
264 _aNew York :
_bMcGraw hill,
_c2013.
300 _a1113 p. ;
_c21cm.
541 _h174 Gel.
653 _aNEONATOLOGY
653 _aMANAGEMENT
653 _aPROCEDURE
653 _aON-CALL PROBLEMS
653 _aDISEASES
653 _aDRUGS
653 _aНЕОНАТОЛОГИЯ
653 _aМЕНЕДЖМЕНТ
653 _aПРОЦЕДУРА
653 _aПРОБЛЕМЫ НА ЗВОНОК
653 _aЗАБОЛЕВАНИЯ И ПРЕПАРАТЫ
653 _aნეონატოლოგია
653 _aმენეჯმენტი
653 _a პროცედურა
653 _aზურგის პრობლემები
653 _aდაავადებები და პრეპარატები
700 _aTricia L., Comella
_eEditor
_910350
942 _cBK
_2udc